The 2 Closest Neighbours of Island Countries (Asia Pacific) - Statistics

General Stats
  • This quiz has been taken 120 times
  • The average score is 21 of 34
Answer Stats
Hint Answer % Correct
Taiwan China
98%
Japan South Korea
97%
Japan Russia
95%
Singapore Malaysia
92%
Singapore Indonesia
91%
New Zealand Australia
88%
Australia Papua New Guinea
87%
Taiwan Philippines
83%
Australia Indonesia
82%
Philippines Indonesia
80%
Philippines Malaysia
74%
Vanuatu Solomon Islands
66%
New Zealand Tonga
64%
Solomon Islands Papua New Guinea
63%
Vanuatu Fiji
62%
Solomon Islands Vanuatu
62%
Tonga Samoa
60%
Fiji Tonga
60%
Tonga Fiji
58%
Samoa Fiji
56%
Samoa Tonga
56%
Fiji Vanuatu
54%
Tuvalu Kiribati
47%
Nauru Kiribati
41%
Tuvalu Fiji
40%
Federated States of Micronesia Palau
40%
Kiribati Marshall Islands
38%
Federated States of Micronesia Marshall Islands
37%
Marshall Islands Federated States of Micronesia
36%
Marshall Islands Kiribati
36%
Nauru Marshall Islands
35%
Palau Federated States of Micronesia
34%
Kiribati Nauru
33%
Palau Indonesia
28%
No matching quizzes found
Score Distribution
Percent of People with Each Score
Percentile by Number Answered
Your Score History
You have not taken this quiz